LEADER 03421nam 2200709Ia 450 001 9910450626503321 005 20200520144314.0 010 $a1-280-23514-4 010 $a9786610235148 010 $a0-8213-6389-1 035 $a(CKB)1000000000031595 035 $a(EBL)459313 035 $a(OCoLC)62146081 035 $a(SSID)ssj0000085939 035 $a(PQKBManifestationID)11121283 035 $a(PQKBTitleCode)TC0000085939 035 $a(PQKBWorkID)10025418 035 $a(PQKB)11391477 035 $a(MiAaPQ)EBC459313 035 $a(Au-PeEL)EBL459313 035 $a(CaPaEBR)ebr10089800 035 $a(CaONFJC)MIL23514 035 $a(OCoLC)84375606 035 $a(EXLCZ)991000000000031595 100 $a20050729d2005 uy 0 101 0 $aeng 135 $aur|n|---||||| 181 $ctxt 182 $cc 183 $acr 200 10$aCommitting to results$b[electronic resource] $eimproving the effectiveness of HIV/AIDS assistance : an OED evaluation of the World Bank's assistance for HIV/AIDS control /$fMartha Ainsworth, Denise A. Vaillancourt, Judith Hahn Gaubatz 210 $aWashington, DC $cWorld Bank$d2005 215 $a1 online resource (274 p.) 225 1 $aOperations evaluation studies 300 $aDescription based upon print version of record. 311 $a0-8213-6388-3 320 $aIncludes bibliographical references. 327 $aContents; Acknowledgments; Foreword; Executive Summary; Acronyms and Abbreviations; 1 Introduction; Figures; Boxes; Tables; 2 The Evolution of the World Bank's Response to HIV/AIDS; 3 Findings from the First Generation of Bank HIV/AIDS Assistance; 4 An Assessment of Ongoing Assistance: The Africa MAP; 5 Conclusions; 6 Recommendations; Appendixes; Endnotes; References 330 $aThis evaluation assesses the development effectiveness of the World Bank's country-level HIV/AIDS assistance defined as policy dialogue, analytic work, and lending with the explicit objective of reducing the scope or impact of the AIDS epidemic. The evaluation identifies findings from this experience and makes recommendations to improve the relevance, efficiency and efficacy of ongoing and future activities. This is the first comprehensive evaluation of the World Bank's HIV/AIDS support to countries, from the beginning of the epidemic through mid-2004. Because the Bank's assistance is for impl 410 0$aWorld Bank operations evaluation study. 606 $aAIDS (Disease)$xEconomic aspects$zDeveloping countries 606 $aAIDS (Disease)$zDeveloping countries$xPrevention 606 $aEconomic assistance$zDeveloping countries$xEvaluation 606 $aHIV infections$xEconomic aspects$zDeveloping countries 606 $aHIV infections$zDeveloping countries$xPrevention 608 $aElectronic books. 615 0$aAIDS (Disease)$xEconomic aspects 615 0$aAIDS (Disease)$xPrevention. 615 0$aEconomic assistance$xEvaluation. 615 0$aHIV infections$xEconomic aspects 615 0$aHIV infections$xPrevention. 676 $a362.196/9792/0091724 700 $aAinsworth$b Martha$f1955-$01043045 701 $aHahn Gaubatz$b Judith$01043046 701 $aVaillancourt$b Denise$01043047 801 0$bMiAaPQ 801 1$bMiAaPQ 801 2$bMiAaPQ 906 $aBOOK 912 $a9910450626503321 996 $aCommitting to results$92467748 997 $aUNINA LEADER 05995nam 22006615 450 001 9910574088103321 005 20260126121419.0 010 $a3-030-94610-X 024 7 $a10.1007/978-3-030-94610-4 035 $a(MiAaPQ)EBC7013195 035 $a(Au-PeEL)EBL7013195 035 $a(CKB)23524788900041 035 $aEBL7013195 035 $a(AU-PeEL)EBL7013195 035 $a(OCoLC)1328136050 035 $a(BIP)082524625 035 $a(PPN)269149732 035 $a(DE-He213)978-3-030-94610-4 035 $a(EXLCZ)9923524788900041 100 $a20220606d2022 u| 0 101 0 $aeng 135 $aurcnu|||||||| 181 $ctxt$2rdacontent 182 $cc$2rdamedia 183 $acr$2rdacarrier 200 14$aThe SAGES Manual of Quality, Outcomes and Patient Safety /$fedited by John R. Romanelli, Jonathan M. Dort, Rebecca B. Kowalski, Prashant Sinha 205 $a2nd ed. 2022. 210 1$aCham :$cSpringer International Publishing :$cImprint: Springer,$d2022. 215 $a1 online resource (1006 pages) 300 $aDescription based upon print version of record. 311 08$aPrint version: Romanelli, John R. The SAGES Manual of Quality, Outcomes and Patient Safety Cham : Springer International Publishing AG,c2022 9783030946098 320 $aIncludes bibliographical references and index. 327 $aDefining Quality in Surgery -- Never Events in Surgery -- Surgical Dashboard for Quality -- Understanding Complex Systems and How It Impacts Quality in Surgery -- Clinical Care Pathways -- Tracking Quality: Data Registries (NSQIP, MBSAQIP, AHS-QC, etc.) -- Accreditation Standards: Bariatric Surgery -- Training for Quality: Milestones, Mentoring, EPAs -- Implementing Quality Improvement at Your Institution -- Creating and Defining Quality Metrics That Matter in Surgery -- The Role of the Surgical Society in Quality -- Perioperative Risk Assessment -- The Current State of Surgical Outcomes Measurement -- Developing Patient-Centered Outcomes Metrics -- Optimizing Surgical Outcomes: Enhanced Recovery Pathways -- Optimizing Pain Management: Non-opioid pain management -- Taxonomy of Errors: Adverse Event/Near Miss Analysis -- Disclosure of Complications and Error -- Avoidance of Complications -- Safe Introduction of Technology -- Quality, Safety, EMR -- Surgical Timeout, Briefing and Debriefing: Safety in the Operating Room -- Effective Communication for Teamwork and Patient Safety -- Energy/Safety in the OR -- Patient Safety Indicators as Benchmarks -- Culture of Safety and Era of Better Practices -- Learning New Operations -- Team Training -- Simulation and OR Team Performance -- Debriefing After Simulation -- Simulation for Bad News -- Teleproctoring -- Training for Quality: Fundamentals Program -- Training to Proficiency -- The Critical View of Safety: Creating Procedural Safety Benchmarks -- Surgical Mentoring -- SAGES Commitment to Surgical Quality, Outcomes, and Safety -- Surgeon Wellness: Strategies to Avoid Burnout -- The Disruptive Surgeon -- The Second Victim: Handling Bad Outcomes (Paget) -- The Surgeon in Distress: How to Train a Surgeon as their Skills Decline -- Fatigue in Surgery: Managing an Unrealistic Work Burden -- Training New Surgeons: Maintaining Quality in the Era of Work Hours Regulations -- Maintaining Surgical Quality in the Setting of Surgical Crisis -- Robot or Not Robot ? Hernia -- Consistent Operating Room Team -- Routine vs Selective Cholangiography for Prevention of CBD Injury -- OR attire ? does it impact quality? -- Provision of Less Care/Withdrawal of Care -- Changing Paradigm in Trauma vs General Surgery: Who is Best to Offer the Care? -- Super-subspecialization of general surgery ? is this better for patients? -- What is the Connection Between Conflict of Interest and Patient Safety/Outcomes/Quality. 330 $aIn this thoroughly revised second edition of the frequently downloaded manual, The SAGES Manual of Quality, Outcomes, and Patient Safety. A panel of experts update and expand their survey of the many factors that influence quality in the world of surgery, surgical outcomes, and threats to patient safety. Among the highlights include a section devoted to threats to quality and outcomes and safety, such as surgeon wellness and burnout, disruptive behavior, second victims, the surgeon with declining skills, and maintaining quality in the setting of a crisis. Another all-new section focuses on surgical controversies, such as whether or not to use robotic surgical technology and whether or not it influences surgical outcomes; whether or not routine cholangiography reduces the common bile duct injury rate; whether or not having a consistent operating room team influences surgical outcomes, and whether a conflict of interest truly influences surgical quality. Further, this manual updates chapters on surgical simulation, teamwork and team training, teleproctoring, mentoring, and error analysis. State-of-the-art and readily accessible, The SAGES Manual of Quality, Outcomes, and Patient Safety, Second Edition will offer physicians strategies to maintain surgical quality in a rapidly changing practice environment the tools they require to succeed. 606 $aSurgery 606 $aSurgery 606 $aCirurgia operatòria$2thub 606 $aLaparoscòpia$2thub 606 $aSeguretat dels pacients$2thub 608 $aLlibres electrònics$2thub 615 0$aSurgery. 615 14$aSurgery. 615 7$aCirurgia operatòria 615 7$aLaparoscòpia 615 7$aSeguretat dels pacients 676 $a617.91 676 $a617.91 702 $aRomanelli$b John R.$4edt 702 $aDort$b Jonathan M.$4edt 702 $aKowalski$b Rebecca B.$4edt 702 $aSinha$b Prashant$4edt 801 0$bMiAaPQ 801 1$bMiAaPQ 801 2$bMiAaPQ 906 $aBOOK 912 $a9910574088103321 996 $aSAGES Manual of Quality, Outcomes and Patient Safety$93597414 997 $aUNINA